| 000 | 00656cam a2200241 a 4500 | ||
|---|---|---|---|
| 001 | 4801785 | ||
| 005 | 20180206074310.0 | ||
| 008 | 880523s1989 enka b 001 0 eng | ||
| 010 | _a 88018902 | ||
| 020 | _a0521333962 | ||
| 040 |
_aDLC _cDLC _dDLC |
||
| 041 | _aeng | ||
| 043 | _an-us--- | ||
| 080 | _a338.973 mos | ||
| 082 | 0 | 0 |
_a338.973 mos _219 |
| 100 | 1 | _a52 | |
| 101 | _aeco | ||
| 245 | 1 | 0 |
_aThinking about growth and other essays on economic growth and welfare / _cMoses Abramovitz. |
| 504 | _aIncludes bibliographies. | ||
| 740 | 0 | _aThinking about growth. | |
| 906 |
_a7 _bcbc _corignew _d1 _eocip _f19 _gy-gencatlg |
||
| 942 |
_2ddc _cBK |
||
| 999 |
_c41928 _d41928 |
||